Balloonerism - Statistics

General Stats
  • This quiz has been taken 28 times
  • The average score is 7 of 14
Answer Stats
Answer % Correct
Funny Papers
89%
5 Dollar Pony Rides
68%
Rick's Piano
63%
Do You Have A Destination?
58%
Tambourine Dream
58%
Stoned
53%
Tomorrow Will Never Know
53%
DJ's Chord Organ (feat. SZA)
47%
Friendly Hallucinations
47%
Shangri-La
47%
Manakins
42%
Mrs. Deborah Downer
42%
Excelsior
37%
Transformations (feat. Delusional Thomas)
37%
No matching quizzes found
Score Distribution
Percent of People with Each Score
Percentile by Number Answered
Your Score History
You have not taken this quiz